Savoie - Choix multiples - Statistiques

Statistiques générales
  • Ce quiz a été pris 89 fois
  • Le résultat moyen est 8 sur 10
Statistiques - réponses
Question Réponse % Correct
Quelle est sa préfecture et plus grande ville ? Chambéry
97%
Quel célèbre fromage AOP et AOC, tire son nom du territoire où il est produit ? Beaufort
96%
Quelle sous-préfecture de la Savoie est connue pour avoir accueilli les Jeux Olympiques d'hiver en 1992 ? Albertville
95%
Quel célèbre couteau pliant est originaire de la Savoie ? Opinel
94%
Quelle ville savoyarde est connue pour son thermalisme ? Aix-les-Bains
90%
Quel skieur polyvalent, actif depuis 2009, totalise plusieurs records, tant en podiums qu'en victoires ? Alexis Pinturault
79%
Comment se nomme le plus grand domaine skiable du monde, situé en Savoie ? Les Trois Vallées
76%
Quel ancien premier ministre d'Emmanuel Macron a été conseiller général de la Savoie ? Michel Barnier
71%
A la suite de quel traité la ville de Nice et la Savoie ont-elles été rattachées à la France en 1860 ? Traité de Turin
64%
Quelle image montre le diot, saucisse traditionnelle originaire de Savoie ?
55%
Aucun quiz correspondant
Distribution des résultats
% des personnes avec chaque résultat
Percentile par nombre de réponses
Votre historique - résultats
Vous n’avez pas pris ce quiz